| 000 | 00576cam a2200193 a 4500 | ||
|---|---|---|---|
| 020 | _a9782872099641 | ||
| 020 | _a2872099646 | ||
| 040 | _cDLC | ||
| 082 | _a820 ACA 2010 A097 Or. | ||
| 245 | 0 | 0 |
_aAltérité et mutations dans la langue : _bpour une stylistique des littératures francophones / |
| 260 |
_aLouvain-la-Neuve : _bAcademia-Bruylant, _c[2010] |
||
| 300 |
_a284 p. ; _c21 cm. |
||
| 490 | 0 | _aAu coeur des textes ; | |
| 650 | 0 | _aFrench literature | |
| 650 | 0 | _aFrench language | |
| 650 | 0 | _aLanguage and culture | |
| 700 | 1 | _aKassab-Charfi, Samia. | |
| 942 | _cEK | ||
| 999 |
_c15977 _d15977 |
||